Представление документа в формате RUSMARC

ПолеНазваниеЗначение
  Тип записи i
  Библиографический уровень m
001 Контрольный номер LIBNET\0000641868
005 Дата корректировки 20201206205022.1
010 Индекс ISBN __
d Цена 240-00
100 Данные общей обработки __
a Данные общей обработки 19161021d2014||||||| 0rusy0189 ca
101 Язык документа 1_
a Язык текста rus
c Язык оригинала eng
102 Страна публикации __
a Страна публикации ru
105 Кодированные данные (монография) __
a Кодированные данные (монография) nn|||||||f|zy
127 Кодированные данные (звукозаписи-физические характеристики) __
a Продолжительность проигрывания 07 ч 30 мин
200 Заглавие и сведения об ответственности 1_
a Заглавие Пятьдесят оттенков подчинения
e Сведения, относящиеся к заглавию [роман : аудиокнига : 18+]
f Первые сведения об ответственности Марина Андерсон ; [перевод А. Н. Лазовской ; читает Елена Калабина]
b Общее обозначение материала Звукозапись
210 Выходные данные __
a Место издания Москва
c Издательство Аудиокнига
d Дата издания 2014
215 Физическое описание __
a Объем 1 электрон. опт. диск (Audio CD)
c Иллюстрации/тип воспроизводства mp3
d Формат 12х14 см
230 Специфическая характеристика материала: электронные ресурсы __
a Обозначение и объем ресурса Электронные звуковые данные
300 Общие примечания __
a Общие примечания Заглавие с этикетки диска
323 Примечание о главных создателях, исполнителях, участниках __
a Примечание о главных создателях, исполнителях, участниках Калабина, Е. (читает)
330 Аннотация __
a Аннотация Молодой и успешной жительнице Лондона Натали Боуэн завидуют все подруги, но ее личная жизнь - это катастрофа. Желая хоть как-то отвлечься, она покупает очень дорогой и странный тур, обещающий каждому доставить абсолютно эксклюзивное удовольствие. Предоставляемые отелем услуги шокируют Натали, но терять уже нечего. Есть еще одна деталь. Владелец отеля загадочный Саймон - человек жесткий и очень дисциплинированный. Он привык получать то, что хочет. А хочет он Натали...
333 Примечание о целевом назначении __
a Примечание о целевом назначении 18+. Запрещено для детей
337 Примечание о системных требованиях (электронные ресурсы) __
a Примечание о системных требованиях (электронные ресурсы) Системные требования: CD-плеер с поддержкой mp3 или Pentium-233 ; Windows 9x-XP ; CD-ROM ; звуковая карта
606 Тематические рубрики __
a Основная рубрика Художественная литература
606 Тематические рубрики __
a Основная рубрика Литература Америки (произведения)
y Географическая подрубрика США
610 Ключевые слова __
a Ключевые слова американская литература
a Ключевые слова зарубежная литература
a Ключевые слова иностранная литература
a Ключевые слова романы
a Ключевые слова тема секса
a Ключевые слова тема страсти
a Ключевые слова тема эротики
a Ключевые слова эротические романы
686 Индексы других классификаций __
2 Код системы rubbks
a Классификационный индекс 84(7Сое)6-4я04
700 Автор _1
a Фамилия Андерсон
b Имя М.
g Полное личное имя Марина
4 Код отношения 070
702 Вторичная интеллектуальная ответственность _1
a Фамилия Лазовская
b Имя А. Н.
4 Код отношения Переводчик
4 Код отношения 730
801 Источник записи _0
a Страна ru
b Организация Муниципальное бюджетное учреждение культуры "Централизованная библиотечная система" г. Сургут (Центральная городская библиотека им. А. С. Пушкина)
c Дата составления 20161021
g Правила каталогизации КиК/Лукашук
801 Источник записи _1
a Страна ru
b Организация Муниципальное бюджетное учреждение культуры "Централизованная библиотечная система" г. Сургут (Центральная городская библиотека им. А. С. Пушкина)
c Дата составления 20161021
g Правила каталогизации КиК/Лукашук
852 Данные о местонахождении __
j Шифр хранения 84(7Сое)6-4я04
i Авторский знак А 65
901 Тип документа __
t Тип документа 0
903 Характеристики (МАРС) __
a Дата передачи 20161021
969 Тип издания __
a Тип издания аудиокнига; издание для слепых
990 Данные о заказе (DOS) __
j Количество экземпляров (DOS) 2
t N записи в КСУ для И/У (DOS) 201610